| Tag |
First Indicator |
Second Indicator |
Subfields |
| LEADER |
00000pam a22000004a 4500 |
| 001 |
in00001830607 |
| 005 |
20151026053029.0 |
| 008 |
021230s2004 nyua b 001 0beng |
| 010 |
|
|
|a 2002156670
|
| 020 |
|
|
|a 0195154193 (alk. paper)
|
| 035 |
|
|
|a (OCoLC)ocm51304161
|
| 040 |
|
|
|a DLC
|c DLC
|d TXA
|d UtOrBLW
|
| 042 |
|
|
|a pcc
|
| 043 |
|
|
|a n-us---
|
| 049 |
|
|
|a TXAM
|
| 050 |
1 |
0 |
|a GV1785.A38
|b D44 2004
|
| 082 |
0 |
0 |
|a 792.8/028/092
|a B
|2 21
|
| 100 |
1 |
|
|a DeFrantz, Thomas.
|
| 245 |
1 |
0 |
|a Dancing revelations :
|b Alvin Ailey's embodiment of African American culture /
|c Thomas F. DeFrantz.
|
| 264 |
|
1 |
|a New York :
|b Oxford University Press,
|c 2004.
|
| 300 |
|
|
|a xvii, 300 pages :
|b illustrations ;
|c 25 cm.
|
| 336 |
|
|
|a text
|b txt
|2 rdacontent
|
| 337 |
|
|
|a unmediated
|b n
|2 rdamedia
|
| 338 |
|
|
|a volume
|b nc
|2 rdacarrier
|
| 504 |
|
|
|a Includes bibliographical references (pages 257-287) and index.
|
| 505 |
0 |
|
|a 1: Revelations 1962 -- Why revelations worked -- BREAK Black modernism -- Situating revelations in African American cultural life -- 2: Early dances -- Ailey's childhood: race matters -- BREAK Unquenchable racial desire -- Blues suite -- Ailey's early dances -- Hermit songs -- 3: Early company -- Early years in New York -- Early residencies -- Southeast Asia tour -- BREAK "Official" African American culture -- Riedaiglia -- 4: Revelations II: 1969 -- BREAK Versioning -- Multiracial concert dance -- Revelations 1975 -- 5: Touring, touring, touring -- Quintet -- Swelling popularity -- BREAK Jazz dance -- Flowers -- The popular audience -- BREAK No exit from racism -- 6: Reflecting a spectrum of experience -- Masekela language -- The lark ascending -- Hidden rites -- 7: Other dances -- Feast of ashes -- BREAK Black dancer, white dance -- The river -- 8: Ailey celebrates Ellington -- The Ellington connection -- BREAK Heroes -- Ailey celebrates Ellington -- Pas de "Duke" -- Ellingtonia -- 9: Gender and spectatorship -- Cry -- Love songs -- Masked spectatorship: Ailey's representation of sexuality -- BREAK Sex -- Streams -- BREAK Black Atlantic dance -- 10: Later dances -- Memoria -- Au Bord du Precipice -- Survivors -- BREAK Alvin Ailey, public and private -- 11: Concluding moves -- The Ailey after Ailey -- Revelations 2003.
|
| 600 |
1 |
0 |
|a Ailey, Alvin.
|
| 650 |
|
0 |
|a Dancers
|z United States
|v Biography.
|
| 650 |
|
0 |
|a Choreographers
|z United States
|v Biography.
|
| 610 |
2 |
0 |
|a Alvin Ailey American Dance Theater.
|
| 650 |
|
0 |
|a African American dance.
|
| 948 |
|
|
|a cataloged
|b h
|c 2004/5/11
|d c
|e dmitchel
|f 3:10:20 pm
|
| 994 |
|
|
|a E0
|b TXA
|
| 999 |
|
|
|a MARS
|
| 999 |
f |
f |
|s 67ebecb5-adbc-364c-b937-612ffbf659ca
|i 5ced30b6-129f-30ef-82df-81a5d4422cdc
|t 0
|
| 952 |
f |
f |
|p ric
|a Texas A&M University
|b Rellis Campus
|c Joint Library Facility
|d Remote Storage
|t 0
|e GV1785.A38 D44 2004
|h Library of Congress classification
|i unmediated -- volume
|m A14831913665
|
| 998 |
f |
f |
|a GV1785.A38 D44 2004
|t 0
|l Remote Storage
|